Žilinčania vo final Four Interliga volejbalistov a volejbalistiek - 10. dvojkolo

Podrobná bibliografia
Hlavní autori: (ku) (Autor), (sr) (Autor)
Médium: Článok
Jazyk:slovenčina
Predmet:

MARC

LEADER 00000nab a2200000 a 4500
001 vtls000575321
003 SK-MaSNL
005 20260303192729.0
008 120929c1996 xo 0 slo
015 |a SNBRB19rr/mm-uuuuu 
035 |a CL0575459 
040 |a SNKBUCL  |b slo  |c SNKBUCL  |e AACR2 
041 0 |a slo 
044 |a xo  |c SK 
080 |a 796.325.093.1  |2 1981 
100 1 |a (ku)  |4 aut  |9 838355 
245 1 0 |a Žilinčania vo final Four  |b Interliga volejbalistov a volejbalistiek - 10. dvojkolo  |c (ku), (sr) 
650 0 7 |a volejbal  |2 snkbucl  |9 3294 
655 7 |a články z novín a časopisov  |2 snkbucl  |9 267496 
700 1 |a (sr)  |4 aut  |9 903798 
773 0 |t Šport  |g Roč. 50, č. 53 (4. 3. 1996), s. 19 
850 |a Slovenská národná knižnica v Martine  |a MTA001 
852 |a SNK  |b KIS3GCP 
958 |a RK 
992 |a RBX 
999 |c 2148451  |d 2150381